00722nam a2200241 a 450000100060000000300090000600800410001502000150005604000280007108200170009910000250011624500530014126000420019430000110023649000470024765000260029465000260032065000240034665000260037065000240039665000220042065000380044219235CO-ViMGA141112s2004 ck r 000 u spa d a8476727984 aCO-ViMGAbspacCO-ViMGA04a291.37 C173m1 aCardona, Francisc L.10aMitologías y leyendas de América y Oceanía aBarcelona : bEdicomunicación; 1999 a255 p. aColección Olimpo; mitología e historia14aLEYENDAS AméricaNAS14aLEYENDAS AUSTRALIANAS14aMITOLOGIA - OCEANIA14aMITOLOGIA AméricaNA14aMITOLOGIA HISTORICA14aMITOLOGIA INCAICA14aMITOS Y LEYENDAS - ISLA DE PASCUA